Karty s otevřeným potenciálem

Prekážky a perspektívy multifunkčných platobných kariet, ktoré ponúkajú úsporu nákladov, transparentnosť, zjednodušenie procesov a integráciu neobmedzeného množstva aplikácií. Modely multifunkčných kariet.

Enregistré dans:
Détails bibliographiques
Auteur principal: Houdek, Tomáš
Format: Chapitre de livre
Langue:tchèque
Sujets:
Tags: Ajouter un tag
Pas de tags, Soyez le premier à ajouter un tag!

MARC

LEADER 00000naa a2200000 4500
001 0184806
005 20231211083130.7
041 0 |a cze 
044 |a CZ 
245 1 0 |a Karty s otevřeným potenciálem  |c Tomáš Houdek 
520 |a Prekážky a perspektívy multifunkčných platobných kariet, ktoré ponúkajú úsporu nákladov, transparentnosť, zjednodušenie procesov a integráciu neobmedzeného množstva aplikácií. Modely multifunkčných kariet. 
610 2 0 |a banky 
610 2 0 |a bankovníctvo 
610 2 0 |a služby bankové 
610 2 0 |a služby finančné 
610 2 0 |a platby bezhotovostné 
610 2 0 |a karty platobné 
610 2 0 |a karty partnerské 
100 1 |a Houdek, Tomáš